Κατάλογος Βιβλιοθηκών Mediterranean College

Μαθήματα Χρηματοοικονομικής Λογιστικής. (Record no. 3802)

MARC details
000 -LEADER
fixed length control field 01855cam a22002054a 4500
005 - ΗΜΕΡΟΜΗΝΙΑ ΚΑΙ ΩΡΑ ΤΕΛΕΥΤΑΙΑΣ ΕΝΗΜΕΡΩΣΗΣ
Πεδίο ελέγχου 20250605163413.0
008 - FIXED-LENGTH DATA ELEMENTS--GENERAL INFORMATION
Πεδίο ελέγχου σταθερού μήκους 250528s ||||||||||||||||||||||||d
035 ## - SYSTEM CONTROL NUMBER
System control number 18441
040 ## - ΠΗΓΗ ΚΑΤΑΛΟΓΟΓΡΑΦΗΣΗΣ
Φορέας πρωτότυπης καταλογογράφησης MC Athens Campus Library
Γλώσσα καταλογογράφησης Ελληνικά, Μοντέρνα (1453-)
Modifying agency MC Athens Campus Library
Κανόνες περιγραφικής καταλογογράφησης AACR2
245 1# - ΤΙΤΛΟΣ ΚΑΙ ΔΗΛΩΣΗ ΥΠΕΥΘΥΝΟΤΗΤΑΣ
Τίτλος Μαθήματα Χρηματοοικονομικής Λογιστικής.
Number of part/section of a work Τεύχος Α': Γ' 'Εκδοση Βελτιωμένη
250 ## - EDITION STATEMENT
Edition statement
260 ## - PUBLICATION, DISTRIBUTION, ETC.
Name of publisher, distributor, etc. Αθήνα,
Date of publication, distribution, etc. 1988
300 ## - PHYSICAL DESCRIPTION
Extent 352
505 0# - FORMATTED CONTENTS NOTE
Formatted contents note Πρόλογος, Εισαγωγή, Ανασκόπηση Εισαγωγικών Λογιστικών Εννοιών, Θεωρητικό Πλαίσιο Χρηματοοικονομικής Λογιστικής, Κύκλος Λογιστικών Διαδικασιών, Αποθέματα, Στοιχεία Πάγιου Ενεργητικού, Βραχυπρόθεσμες Απαιτήσεις, Λογαριασμοί Συναλλάγματος, Λογιστικά Συστήματα, Λογιστικές Εφαρμογές, Παραρτήματα, Κατ' επιλογή Βιβλιογραφία, Αλφαβητικό Ευρετήριο.
520 ## - SUMMARY, ETC.
Summary, etc. Πρόλογος, Εισαγωγή, Ανασκόπηση Εισαγωγικών Λογιστικών Εννοιών, Θεωρητικό Πλαίσιο Χρηματοοικονομικής Λογιστικής, Κύκλος Λογιστικών Διαδικασιών, Αποθέματα, Στοιχεία Πάγιου Ενεργητικού, Βραχυπρόθεσμες Απαιτήσεις, Λογαριασμοί Συναλλάγματος, Λογιστικά Συστήματα, Λογιστικές Εφαρμογές, Παραρτήματα, Κατ' επιλογή Βιβλιογραφία, Αλφαβητικό Ευρετήριο.
700 1# - ΠΡΟΣΘΕΤΗ ΑΝΑΓΡΑΦΗ--ΦΥΣΙΚΟ ΠΡΟΣΩΠΟ
Personal name Ναούμ Χρήστος Βασ
942 ## - ADDED ENTRY ELEMENTS (KOHA)
Koha item type Books
Holdings
Τύπος τεκμηρίου Βιβλιοθήκη Τρέχουσα τοποθεσία Barcode Αριθμός εισαγωγής Ημερομηνία απόκτησης Ταξιθετικό σύμβολο Αριθμός αντιτύπου Κατάσταση απόσυρσης Κατάσταση χαμένου Κατάσταση κατεστραμμένου Μη δανεισμός Σύνολο δανεισμών Ημερομηνία τελευταίας εμφάνισης Η τιμή ισχύει από
Books MC Athens Campus Library MC Athens Campus Library 9780000038012 3129 05/06/2025 657.48 NAO V.A 1           05/06/2025 05/06/2025

MC Athens Campus Library
Πατησίων 94 & Κοδριγκτώνος 13, 104 34
Πελλήνης 8 & Πατησίων 107, 112 51
Τ: +30 210 8899600

MC Thessaloniki Campus Library
Ίωνος Δραγούμη 21, 54625 | Ίωνος Δραγούμη 15, 54625
Τ: +30 2310 287779 – Τ: +30 2314 440300